1936 1818 1645 1943 1449 1584 1355 1022 1450 1770 1430 1348 1466 1807 1013 1167 1791 1610 1509 1993 1534 1486 1718 1240 1566 1571 1226 1573 1808 1385 1706 1770 1537 1933 1932 1004 1502 1353 2000 1388 1604 1562 1879 1523 1516 1507 1460 1719 1657 1044 1576 1053 1540 1297 1000 1104 1644 1435 1802 1209 1867 1539 1994 1324 1908 1238 1417 1561 1698 1496 1542 1302 1266 1709 1695 1384 1635 1889 1180 1279 1582 1572 1810 1957 1991 1205 1051 1720 1245 1385 1347 1501 1694 1611 1602 1963 1408 1182 1668 BCNSPRNW ULIB Ver.6.0+V

เปลี่ยนเป็นภาษาไทย

Change to English
 แสดงรายละเอียดบรรณานุกรม
  กลับหน้าหลัก

Brief Record : Get Marc (ISO 2709) : E-mail record : QR code < ปิดหน้าต่าง
LEADER : 00000nam 2200000uu 4500
001    13399113671
003     ULIB
008    111214s2546||||th 000 0 tha d
060  4 ^aWA108^bก111ค 2546
100 0  ^aสถาบันเวชศาสตร์ผู้สูงอายุ
245 00 ^aคู่มือการสร้างเสริมสุขภาพผู้สูงอายุในชุมชน/^cสถาบันเวชศาสตร์ผู้สูงอายุ
260    ^aกรมการแพทย์:^bกระทรวงสาธารณสุข,^c2546
300    ^a129 หน้า
650  7 ^aการสร้างเสริมผู้สูงอายุ
650  7 ^aผู้สูงอายุ^xการสร้างเสริมสุขภาพ
710 2  ^aกระทรวงสาธารณสุข.^bกรมการแพทย์.
945    ^p0^l0^i12333
995    ^aกัณชพร
999 ^a ใช้งานได้ทุกระบบ
รายการนี้ยังไม่มีแท็ก
คุณยังไม่ได้ล็อกอิน คุณสามารถมีกิจกรรมร่วมกับเว็บไซต์ได้ แต่ต้องล็อกอินก่อน ::
  ล็อกอิน

รายการสื่อสารสนเทศ

ลำดับที่ ประเภท เลขเรียก/บาร์โค้ด สถานที่ สถานะ
- ไม่พบข้อมูล -

รายการใกล้เคียง
    ผู้แต่ง [สถาบันเวชศาสตร์ผู้สูงอายุ]

BibComment


ยังไม่เคยถูกคอมเมนท์

คอมเมนท์ทรัพยากรรายการนี้
  คอมเมนท์: คู่มือการสร้างเส..


 Copyright 2026. Bcnsprnw @Library